Hỏi đáp về chất lượng thi công công trình xây dựng
Chất lượng công trình xây dựng là vấn đề muôn thủơ của xí nghiệp thiết kế và thi công xây dựng, đi suốt toàn bộ quá trình hình thành sản phẩm xây dựng, cũng là nền móng của sự sinh tồn và phát triển của xí nghiệp....
Đã lưu trong:
| Hovedforfatter: | |
|---|---|
| Format: | Bog |
| Sprog: | Undetermined |
| Udgivet: |
Hà Nội
Xây dựng
2009
|
| Fag: | |
| Tags: |
Tilføj Tag
Ingen Tags, Vær først til at tagge denne postø!
|
| Thư viện lưu trữ: | Trung tâm Học liệu Trường Đại học Cần Thơ |
|---|
| LEADER | 01054nam a2200217Ia 4500 | ||
|---|---|---|---|
| 001 | CTU_169085 | ||
| 008 | 210402s9999 xx 000 0 und d | ||
| 020 | |c 52000 | ||
| 082 | |a 690 | ||
| 082 | |b X561 | ||
| 100 | |a Vương, Tống Xương | ||
| 245 | 0 | |a Hỏi đáp về chất lượng thi công công trình xây dựng | |
| 245 | 0 | |c Vương Tống Xương | |
| 260 | |a Hà Nội | ||
| 260 | |b Xây dựng | ||
| 260 | |c 2009 | ||
| 520 | |a Chất lượng công trình xây dựng là vấn đề muôn thủơ của xí nghiệp thiết kế và thi công xây dựng, đi suốt toàn bộ quá trình hình thành sản phẩm xây dựng, cũng là nền móng của sự sinh tồn và phát triển của xí nghiệp. | ||
| 650 | |a Building,Building inspection,Xây dựng,Giám sát xây dựng | ||
| 650 | |x Estimates,Ước tính | ||
| 904 | |i Ngọc Anh, Trọng Hiếu | ||
| 980 | |a Trung tâm Học liệu Trường Đại học Cần Thơ | ||